Normal view MARC view

Entry Personal Name

Number of records used in: 1

001 - CONTROL NUMBER

  • control field: 168122

003 - CONTROL NUMBER IDENTIFIER

  • control field: OSt

005 - DATE AND TIME OF LATEST TRANSACTION

  • control field: 20220923224614.0

008 - FIXED-LENGTH DATA ELEMENTS

  • fixed length control field: 220923|| aca||aabn | a|a d

040 ## - CATALOGING SOURCE

  • Original cataloging agency: OSt
  • Transcribing agency: OSt

100 ## - HEADING--PERSONAL NAME

  • Personal name: राधा कुमार; रमा शंकर सिंह 'दिव्यदृष्टि', संपा

670 ## - SOURCE DATA FOUND

  • Source citation: Work cat.: (OSt)372455: राधा कुमार; रमा शंकर सिंह 'दिव्यदृष्टि', संपा., स्त्री संघर्ष का इतिहास, 2005
Copyright @ Delhi University Library System